Giving the green light: corporate environmental crimes, the treadmill of production, and environmental justice
In addition to legal considerations, what other factors correlate with and seem to affect fines companies are assessed when they commit an environmental crime? Relying upon the treadmill of crime theoretical framework we hypothesize that companies committing environmental crimes in poor and minority...
| Autores principales: | ; |
|---|---|
| Tipo de documento: | Electrónico Artículo |
| Lenguaje: | Inglés |
| Publicado: |
2023
|
| En: |
Crime, law and social change
Año: 2023, Volumen: 79, Número: 3, Páginas: 241-261 |
| Acceso en línea: |
Volltext (lizenzpflichtig) |
| Verificar disponibilidad: | HBZ Gateway |
| Palabras clave: |
MARC
| LEADER | 00000caa a22000002c 4500 | ||
|---|---|---|---|
| 001 | 1841268720 | ||
| 003 | DE-627 | ||
| 005 | 20240306135621.0 | ||
| 007 | cr uuu---uuuuu | ||
| 008 | 230405s2023 xx |||||o 00| ||eng c | ||
| 024 | 7 | |a 10.1007/s10611-022-10044-z |2 doi | |
| 035 | |a (DE-627)1841268720 | ||
| 035 | |a (DE-599)KXP1841268720 | ||
| 040 | |a DE-627 |b ger |c DE-627 |e rda | ||
| 041 | |a eng | ||
| 084 | |a 2,1 |2 ssgn | ||
| 100 | 1 | |a Maume, Michael O. |e VerfasserIn |4 aut | |
| 245 | 1 | 0 | |a Giving the green light: corporate environmental crimes, the treadmill of production, and environmental justice |c Michael O. Maume, Matthew J. Greife |
| 264 | 1 | |c 2023 | |
| 336 | |a Text |b txt |2 rdacontent | ||
| 337 | |a Computermedien |b c |2 rdamedia | ||
| 338 | |a Online-Ressource |b cr |2 rdacarrier | ||
| 500 | |a Literaturverzeichnis: Seite 258-261 | ||
| 520 | |a In addition to legal considerations, what other factors correlate with and seem to affect fines companies are assessed when they commit an environmental crime? Relying upon the treadmill of crime theoretical framework we hypothesize that companies committing environmental crimes in poor and minority dominated communities will receive lower relative fines because the harms are viewed as less serious by prosecutors and judges, thus resulting in environmental injustice. In addition, from a green criminological framework, a company’s economic situation may be considered in setting fines so as not to slow down the treadmill of production. Using a unique dataset of firms fined for environmental violations in federal criminal courts, we seek to determine if sentencing practices that are consistent with the treadmill of crime perspective produce second-level environmental injustices. We conclude that the sentencing of corporations is handled in a manner consistent with predictions derived from the treadmill of crime theory and find as a result, in limited circumstances, environmental injustices are occurring. | ||
| 650 | 4 | |a Umweltkriminalität | |
| 650 | 4 | |a Strafe | |
| 650 | 4 | |a Bußgeld | |
| 650 | 4 | |a Ländliche Gegend | |
| 650 | 4 | |a Green Criminology | |
| 700 | 1 | |a Greife, Matthew J. |e VerfasserIn |4 aut | |
| 773 | 0 | 8 | |i Enthalten in |t Crime, law and social change |d Getzville, NY : HeinOnline, 1991 |g 79(2023), 3, Seite 241-261 |h Online-Ressource |w (DE-627)320525325 |w (DE-600)2015096-9 |w (DE-576)252295854 |x 1573-0751 |7 nnas |
| 773 | 1 | 8 | |g volume:79 |g year:2023 |g number:3 |g pages:241-261 |
| 856 | 4 | 0 | |u https://doi.org/10.1007/s10611-022-10044-z |x Resolving-System |z lizenzpflichtig |3 Volltext |7 1 |
| 951 | |a AR | ||
| ELC | |a 1 | ||
| LOK | |0 000 xxxxxcx a22 zn 4500 | ||
| LOK | |0 001 4302148977 | ||
| LOK | |0 003 DE-627 | ||
| LOK | |0 004 1841268720 | ||
| LOK | |0 005 20240306135621 | ||
| LOK | |0 008 230405||||||||||||||||ger||||||| | ||
| LOK | |0 040 |a DE-21-110 |c DE-627 |d DE-21-110 | ||
| LOK | |0 092 |o n | ||
| LOK | |0 852 |a DE-21-110 | ||
| LOK | |0 852 1 |9 00 | ||
| LOK | |0 935 |a krzo | ||
| LOK | |0 939 |a 05-04-23 |b l01 | ||
| ORI | |a SA-MARC-krimdoka001.raw | ||
